000 00518nam a2200181Ia 4500
008 240925s9999 xx 000 0 und d
020 _a978052154713
082 _a808.066665 EMM
100 _aEmmerson, Paul; Hamilton, Nick
245 0 _aFive-Minute Activities for Business English
250 _aNA
260 _aCambridge:
_bCambridge Universty press
_c,2005.
300 _axx,402p.
_bN.A
_fOriginal
500 _aIncludes Index
600 _aHumanities & Natural Science
650 _aLiterature
942 _cBK
999 _c12230
_d12230